000
00316nam a22001217a 4500
020
_a
0-07-055603-2
082
_a
620.11232 SCH'E
100
_a
SOZA, N,ANDERSON, O.L,SCHREIBER, E
_9
77220
245
_a
ELASTIC CONSTANTS AND THEIR MEASUREMENT
260
_a
NEWYORK
_b
MCGRAW HILL
_c
1973
300
_a
196P
942
_c
BK
999
_c
582527
_d
582527